| 000 | 00941nam a22002417a 4500 | ||
|---|---|---|---|
| 005 | 20090831110528.0 | ||
| 008 | 090831t xxu||||| |||| 00| 0 eng d | ||
| 010 | _aENG-94991 | ||
| 020 |
_a9788190644594 _c595.00 |
||
| 020 |
_a8190644599 _c595.00 |
||
| 035 | _aEN-78524 | ||
| 037 | _bDBAD / PUB | ||
| 040 |
_adpl _bEnglish |
||
| 082 | _a346.540482 | ||
| 100 | _aSrivastav, V.P. | ||
| 245 |
_aCopyright enforcement in India: _bissues and challenges / _cby V.P. Srivastav |
||
| 260 |
_aNew Delhi _bAroo Publications _c2008 |
||
| 270 |
_a9, Daryaganj, Near Telephone Office _bNew Delhi _e110002 |
||
| 300 |
_axiii, 537p. _c24cm(Hb) |
||
| 500 | _aIncludes bibliographical references and index | ||
| 942 |
_2ddc _cEN _mSRI _h346.540482 |
||
| 999 |
_c29820 _d29820 |
||